| 000 | 00637nam a22002057a 4500 | ||
|---|---|---|---|
| 003 | 0 | ||
| 005 | 20251107095831.0 | ||
| 008 | 251107b xxu||||| |||| 00| 0 eng d | ||
| 020 | _a0-7515-2185-X | ||
| 050 |
_aPS 3554.E4725 _b.D46 1997 |
||
| 100 |
_aDeMille, Nelson, _eauthor. |
||
| 245 |
_aPlum Island / _cNelson DeMille. |
||
| 260 |
_aLondon : _bTime Warner Paperbacks, _c1997. |
||
| 300 |
_a574 pages ; _c18 cm. |
||
| 650 | _aThrillers (Fiction). | ||
| 650 |
_aPolice _zNew York (State) _zNew York _xFiction. |
||
| 650 |
_aMurder _xInvestigation _vFiction. |
||
| 650 |
_aCorey, John (Fictitious character) _xFiction. |
||
| 942 |
_2lcc _cBK |
||
| 999 |
_c368484 _d368484 |
||